[Event "HEM B-Turnier 2017"]
[Site "Marburg"]
[Date "2017.??.??"]
[Round "3.4"]
[White "Weber, Andreas"]
[Black "Schneider, Kevin"]
[Result "1/2-1/2"]
[WhiteElo "1793"]
[BlackElo "1653"]
[PlyCount "77"]
[EventDate "2017.??.??"]

1. e4 e5 2. Nf3 Nc6 3. Bb5 a6 4. Bxc6 dxc6 5. O-O Bg4 6. h3 h5 7. d3 Qf6 8. Be3
Bxf3 9. Qxf3 Bd6 10. Qxf6 Nxf6 11. Nd2 Nd7 12. d4 g6 13. dxe5 Bxe5 14. c3 Bg7
15. f4 Bh6 16. Rad1 Rd8 17. g4 hxg4 18. hxg4 a5 19. Bd4 O-O 20. g5 Bg7 21. Bxg7
Kxg7 22. Kg2 Nc5 23. f5 gxf5 24. exf5 Rfe8 25. Nc4 Rxd1 26. Rxd1 b6 27. Kf3 a4
28. Rh1 Nd7 29. Rh6 Ne5+ 30. Nxe5 Rxe5 31. Kf4 Rc5 32. f6+ Kg8 33. Rh2 a3 34.
b3 Rxc3 35. Kg4 Rc1 36. Kh5 Kf8 37. g6 fxg6+ 38. Kxg6 Rg1+ 39. Kf5 1/2-1/2

[Event "HEM B-Turnier 2017"]
[Site "Marburg"]
[Date "2017.??.??"]
[Round "3.5"]
[White "Zalewski, Ulrich"]
[Black "Weber, Guenter"]
[Result "1-0"]
[WhiteElo "1815"]
[BlackElo "1777"]
[PlyCount "57"]
[EventDate "2017.??.??"]

1. e4 c5 2. Nf3 Nc6 3. d4 cxd4 4. Nxd4 d6 5. c4 g6 6. Be3 Bg7 7. Be2 Nf6 8. Nc3
a6 9. f4 e6 10. O-O O-O 11. Qd2 Ne8 12. Rad1 Qc7 13. g4 f5 14. exf5 exf5 15.
gxf5 Nxd4 16. Bxd4 Bxf5 17. Bxg7 Qxg7 18. Bf3 Rb8 19. Rfe1 b5 20. cxb5 axb5 21.
Re2 Qa7+ 22. Kh1 Bc8 23. Rde1 Bb7 24. Nd5 Nf6 25. Re7 Qa6 26. Nxf6+ Rxf6 27.
Bxb7 Rxb7 28. Qd5+ Rf7 29. Qxf7+ 1-0

[Event "HEM B-Turnier 2017"]
[Site "Marburg"]
[Date "2017.??.??"]
[Round "3.6"]
[White "Huebner, Kai"]
[Black "Ullmann, Ralf"]
[Result "0-1"]
[WhiteElo "1658"]
[BlackElo "1906"]
[PlyCount "72"]
[EventDate "2017.??.??"]

1. d4 g6 2. Bf4 Bg7 3. e3 d6 4. Nc3 Nd7 5. Nf3 Nb6 6. Be2 Nf6 7. h3 O-O 8. O-O
Re8 9. a4 a5 10. Bd3 Nfd7 11. Ne2 e5 12. dxe5 dxe5 13. Bg5 f6 14. Bc4+ Nxc4 15.
Qd5+ Kh8 16. Qxc4 fxg5 17. Rfd1 e4 18. Nfd4 Nb6 19. Qb3 Qf6 20. c3 Rf8 21. Rf1
c5 22. Nb5 Be6 23. Qc2 Qe5 24. Ng3 Bc4 25. Rfd1 Bd3 26. Qd2 Rf6 27. Qe1 Raf8
28. Nh1 h5 29. b4 axb4 30. cxb4 Bxb5 31. axb5 c4 32. Qe2 Rd6 33. Ng3 h4 34.
Rxd6 Qxa1+ 35. Kh2 hxg3+ 36. fxg3 Rf1 0-1

[Event "HEM B-Turnier 2017"]
[Site "Marburg"]
[Date "2017.??.??"]
[Round "3.7"]
[White "Wagner, Thomas"]
[Black "Klein, Simon"]
[Result "1-0"]
[WhiteElo "1891"]
[BlackElo "1371"]
[PlyCount "53"]
[EventDate "2017.??.??"]

1. e4 Nf6 2. e5 Nd5 3. d4 d6 4. Nf3 Nc6 5. Be2 Bg4 6. O-O Bxf3 7. Bxf3 dxe5 8.
dxe5 Nb6 9. Bxc6+ bxc6 10. Qe2 e6 11. Nc3 g6 12. Ne4 Bg7 13. Bg5 Qd4 14. Nf6+
Bxf6 15. Bxf6 O-O 16. Rfd1 Qf4 17. c4 Nc8 18. Rd3 Re8 19. Rf3 Qh6 20. Rh3 Qf8
21. Qe4 Ne7 22. Qh4 h5 23. g4 Nf5 24. gxf5 exf5 25. Rd1 Rab8 26. b3 Qa3 27.
Qxh5 1-0

[Event "HEM B-Turnier 2017"]
[Site "Marburg"]
[Date "2017.??.??"]
[Round "3.8"]
[White "Meyer, Marcel"]
[Black "Weber, Simon"]
[Result "0-1"]
[WhiteElo "1679"]
[BlackElo "1853"]
[PlyCount "116"]
[EventDate "2017.??.??"]

1. d4 f5 2. g3 Nf6 3. Bg2 e6 4. c4 c6 5. Nc3 d5 6. b3 Bd6 7. Nf3 O-O 8. O-O
Nbd7 9. Bb2 Qe7 10. Re1 Ne4 11. cxd5 cxd5 12. Rc1 Ndf6 13. Ne5 Bd7 14. f3 Nxc3
15. Bxc3 Be8 16. Rc2 Bh5 17. Qb1 Rac8 18. Rec1 Rc7 19. Ba5 b6 20. Bd2 Rfc8 21.
Bf4 Be8 22. Rxc7 Rxc7 23. Rxc7 Qxc7 24. Qc1 Qxc1+ 25. Bxc1 Bxe5 26. dxe5 Nd7
27. f4 Nb8 28. Ba3 Bb5 29. Kf2 Kf7 30. Bd6 Nc6 31. a4 Ba6 32. e3 Bd3 33. Bf1
Bxf1 34. Kxf1 a6 35. Ke2 b5 36. axb5 axb5 37. b4 Kg6 38. Bc5 Kh5 39. Kf3 g5 40.
h3 g4+ 41. hxg4+ fxg4+ 42. Ke2 Kg6 43. Kd3 Kf5 44. Bf8 h5 45. Bc5 h4 46. gxh4
g3 47. Ke2 Kg4 48. h5 Kxh5 49. Kf3 Kh4 50. Kg2 Kg4 51. Kf1 Nd8 52. Kg2 Nf7 53.
Bf8 Nh8 54. Bg7 Ng6 55. Bf6 d4 56. exd4 Nxf4+ 57. Kf1 Kf3 58. Bh4 g2+ 0-1

[Event "HEM B-Turnier 2017"]
[Site "Marburg"]
[Date "2017.??.??"]
[Round "3.9"]
[White "Hafensteiner, Tim"]
[Black "Hahnenstein, Leon"]
[Result "1-0"]
[WhiteElo "1822"]
[BlackElo "1189"]
[PlyCount "69"]
[EventDate "2017.??.??"]

1. e4 e5 2. Nf3 Nc6 3. Bb5 a6 4. Bxc6 dxc6 5. O-O Bg4 6. d3 Bd6 7. Be3 Nf6 8.
Nbd2 O-O 9. c3 Re8 10. Bg5 h6 11. Bh4 Be7 12. Qc2 Qd6 13. Nc4 Qe6 14. Ncxe5 Bd6
15. Nxg4 Nxg4 16. Rae1 Qxa2 17. h3 Ne5 18. Nd4 Qa5 19. f4 Ng6 20. Nb3 Qh5 21.
Bg3 Rad8 22. d4 c5 23. e5 Be7 24. dxc5 Nf8 25. Kh2 Ne6 26. Qf2 Qf5 27. Rd1 Rxd1
28. Rxd1 Qe4 29. f5 Nd8 30. Rd7 Qa4 31. Qd4 Qxb3 32. Rxe7 Qb5 33. Rxc7 Qxb2 34.
Qd7 Rf8 35. e6 1-0

[Event "HEM B-Turnier 2017"]
[Site "Marburg"]
[Date "2017.??.??"]
[Round "3.11"]
[White "Mauersberger, Uwe"]
[Black "Bastian, Ben"]
[Result "1/2-1/2"]
[WhiteElo "1762"]
[BlackElo "1674"]
[PlyCount "78"]
[EventDate "2017.??.??"]

1. e4 e5 2. Nf3 Nc6 3. Bc4 Bc5 4. c3 d6 5. O-O Bg4 6. d3 Qc8 7. b4 Bb6 8. Nbd2
Nf6 9. a4 a5 10. b5 Ne7 11. Qb3 Be6 12. Bb2 Bxc4 13. Qxc4 Ng6 14. Qb3 O-O 15.
d4 Nd7 16. Nc4 Ba7 17. Rad1 Re8 18. Ng5 Re7 19. Nxa5 Bxd4 20. cxd4 Rxa5 21.
Rfe1 h6 22. Nf3 Qa8 23. dxe5 Ndxe5 24. Nxe5 Nxe5 25. Qc3 f6 26. Rd4 Kh8 27. Qb3
Nd7 28. Bc3 Nc5 29. Qc2 Rxa4 30. f3 Ra2 31. Qb1 Qa7 32. Kh1 Ne6 33. Rd2 Rxd2
34. Bxd2 Re8 35. Be3 Qa4 36. Rd1 Ra8 37. h3 Qa2 38. Qxa2 Rxa2 39. b6 Ra6
1/2-1/2

[Event "HEM B-Turnier 2017"]
[Site "Marburg"]
[Date "2017.??.??"]
[Round "3.12"]
[White "Poschadel, Andreas Gregor"]
[Black "Martens, Nick"]
[Result "0-1"]
[WhiteElo "1451"]
[BlackElo "1690"]
[PlyCount "156"]
[EventDate "2017.??.??"]

1. e4 d5 2. exd5 Qxd5 3. Nc3 Qa5 4. d4 Nf6 5. Nf3 Bg4 6. Be2 e6 7. O-O Nbd7 8.
Bd2 c6 9. a3 Qc7 10. h3 Bh5 11. b4 a6 12. Na2 b5 13. c4 Ne4 14. cxb5 cxb5 15.
Rc1 Qd6 16. Be3 Be7 17. Nc3 Nxc3 18. Rxc3 O-O 19. Qd2 Bf6 20. Rfc1 h6 21. Rc6
Qe7 22. Bf4 Rfd8 23. Bd6 Qe8 24. g4 Bg6 25. Bd3 Bxd3 26. Qxd3 Rdc8 27. Rc7 Nb6
28. Nd2 Nd5 29. R7c2 Qd7 30. Bg3 Nb6 31. Nf3 Nc4 32. Rxc4 bxc4 33. Rxc4 Rxc4
34. Qxc4 Qb5 35. Qc2 a5 36. Bd6 axb4 37. Bxb4 Qd5 38. Qc3 Rd8 39. Bc5 Rc8 40.
Qe3 Rb8 41. Bb4 Rb7 42. Kh2 Bd8 43. Qc3 Bc7+ 44. Kg1 Kh7 45. Qc2+ g6 46. Qc3
Bd6 47. Ne1 Bxb4 48. axb4 Qd6 49. Nc2 Rc7 50. Qd3 Qc6 51. Ne3 Qc3 52. Qxc3 Rxc3
53. Kf1 Rb3 54. Nc2 Rb2 55. Ne3 Rxb4 56. Nc2 Rc4 57. Ne3 Rxd4 58. Ke2 Ra4 59.
Kf3 g5 60. Kg3 Kg6 61. Ng2 Ra3+ 62. f3 f5 63. gxf5+ exf5 64. h4 f4+ 65. Kf2
Ra2+ 66. Kg1 Kf5 67. hxg5 hxg5 68. Kh1 Rf2 69. Kg1 Rxf3 70. Ne1 Ra3 71. Kg2 g4
72. Kf2 Ra2+ 73. Kf1 Ke4 74. Kg1 f3 75. Kf1 g3 76. Kg1 Ra1 77. Kf1 Ke3 78. Kg1
Rxe1# 0-1

[Event "HEM B-Turnier 2017"]
[Site "Marburg"]
[Date "2017.??.??"]
[Round "3.13"]
[White "Tornay, Haizea"]
[Black "Pade, Joachim"]
[Result "0-1"]
[WhiteElo "1284"]
[BlackElo "1628"]
[PlyCount "104"]
[EventDate "2017.??.??"]

1. e4 c6 2. d4 d5 3. exd5 cxd5 4. Nc3 Nf6 5. Nf3 Bg4 6. Be2 e6 7. O-O Bxf3 8.
Bxf3 Nc6 9. Ne2 b5 10. c3 Be7 11. Ng3 O-O 12. Bf4 Rc8 13. a3 Qb6 14. Qd3 a5 15.
Rfc1 a4 16. Be2 Na7 17. Be5 Nd7 18. Nh5 Nxe5 19. dxe5 f5 20. exf6 Bxf6 21.
Nxf6+ Rxf6 22. Qd4 Qc7 23. Bg4 Re8 24. Re1 Kh8 25. Re2 Rf4 26. Qd2 Rxg4 27.
Rae1 Rg6 28. Qd3 Qc6 29. Qd4 Nc8 30. Qb4 Nd6 31. Qf4 Nc4 32. Qf3 Rf6 33. Qg3 h6
34. Qd3 e5 35. Rd1 Rd8 36. Rde1 Rg6 37. Qf3 e4 38. Qf7 Rf6 39. Qh5 Re8 40. Rd1
Re5 41. Qh4 Qe6 42. Rb1 e3 43. fxe3 Rxe3 44. Rxe3 Qxe3+ 45. Kh1 Qd3 46. Qe1 Ne3
47. Kg1 Rf1+ 48. Qxf1 Nxf1 49. Rxf1 Qe3+ 50. Kh1 Qd2 51. h3 Qxb2 52. Rf5 Qb1+
0-1

[Event "HEM B-Turnier 2017"]
[Site "Marburg"]
[Date "2017.??.??"]
[Round "3.14"]
[White "Robinson, Jack"]
[Black "Alonzo, Desi"]
[Result "1-0"]
[WhiteElo "1638"]
[BlackElo "1704"]
[PlyCount "87"]
[EventDate "2017.??.??"]

1. d4 Nf6 2. c4 d5 3. Nc3 e6 4. cxd5 exd5 5. Bg5 Bb4 6. e3 O-O 7. Bd3 Qd6 8.
Rc1 Ne4 9. Bf4 Qg6 10. Bg3 c6 11. Nge2 f5 12. Nf4 Qf7 13. O-O Nd7 14. Bb1 Ndf6
15. Nd3 Bd6 16. Bxd6 Nxd6 17. Ne5 Qe8 18. b4 Nf7 19. Nd3 g5 20. Re1 Kg7 21. a4
Qe7 22. b5 h5 23. Qb3 h4 24. Nb4 Qd6 25. f3 Re8 26. Nd1 g4 27. f4 Bd7 28. bxc6
bxc6 29. Nxc6 Bxc6 30. Bxf5 Nh6 31. Bd3 Rab8 32. Qc2 Bd7 33. Qf2 g3 34. hxg3
Nhg4 35. Qf3 hxg3 36. Qxg3 Nh5 37. Qh4 Nxf4 38. Qh7+ Kf8 39. Rf1 Nxe3 40. Nxe3
Rxe3 41. Rxf4+ Qxf4 42. Rf1 Qxf1+ 43. Kxf1 Be8 44. Qh6+ 1-0

[Event "HEM B-Turnier 2017"]
[Site "Marburg"]
[Date "2017.??.??"]
[Round "3.15"]
[White "Schoenau, Tom"]
[Black "Tornay, Aritz"]
[Result "1/2-1/2"]
[WhiteElo "867"]
[BlackElo "1206"]
[PlyCount "95"]
[EventDate "2017.??.??"]

1. d4 Nf6 2. c4 g6 3. Nc3 Bg7 4. Bf4 d6 5. Nf3 O-O 6. e3 Re8 7. h3 Nbd7 8. Bd3
e5 9. dxe5 dxe5 10. Bg3 e4 11. Nb5 Rb8 12. Bxc7 Qe7 13. Bxb8 Nxb8 14. Be2 exf3
15. Bxf3 a6 16. Nd4 Qb4+ 17. Qd2 Qxc4 18. b3 Qc5 19. Rc1 Qd6 20. O-O Bf5 21.
Rfd1 Ne4 22. Bxe4 Bxe4 23. Ne2 Qxd2 24. Rxd2 Nc6 25. Nc3 Bf5 26. Nd5 Rd8 27.
Rcd1 Re8 28. f3 Be6 29. e4 Bxd5 30. exd5 Ne7 31. d6 Nc6 32. d7 Rd8 33. Re1 Ne5
34. Red1 Kf8 35. f4 Nc6 36. Re2 Ne7 37. a4 a5 38. Red2 Nc6 39. Rd3 Ne7 40. R1d2
Nc6 41. Re2 Bf6 42. Rd6 Bd4+ 43. Kh1 Bg7 44. Kh2 Nb8 45. Red2 Ke7 46. Rb6 Bh6
47. Kg3 Rxd7 48. Rxd7+ 1/2-1/2

[Event "HEM B-Turnier 2017"]
[Site "Marburg"]
[Date "2017.??.??"]
[Round "4.1"]
[White "John, Volkmar"]
[Black "Pleyer, Christian"]
[Result "1/2-1/2"]
[WhiteElo "1818"]
[BlackElo "1733"]
[PlyCount "48"]
[EventDate "2017.??.??"]

1. e4 Nf6 2. e5 Nd5 3. d4 d6 4. c4 Nb6 5. exd6 cxd6 6. Nc3 g6 7. Be3 Bg7 8. Rc1
O-O 9. b3 Nc6 10. Nge2 e5 11. dxe5 dxe5 12. Qxd8 Rxd8 13. c5 Nd5 14. Nxd5 Rxd5
15. Nc3 Rd8 16. Be2 Be6 17. O-O f5 18. f3 a6 19. Rfd1 h6 20. Na4 Kf7 21. Nb6
Rxd1+ 22. Rxd1 Rd8 23. Rxd8 Nxd8 24. Nc4 Ke7 1/2-1/2

[Event "HEM B-Turnier 2017"]
[Site "Marburg"]
[Date "2017.??.??"]
[Round "4.2"]
[White "Armbrust, Matthias"]
[Black "Blaschke, Henri Johannes"]
[Result "1/2-1/2"]
[WhiteElo "1791"]
[BlackElo "1777"]
[PlyCount "40"]
[EventDate "2017.??.??"]

1. e4 e6 2. d4 d5 3. Nd2 Be7 4. Bd3 c5 5. exd5 exd5 6. dxc5 Bxc5 7. Ngf3 Nf6 8.
O-O O-O 9. Nb3 Bd6 10. Bg5 Bg4 11. h3 Bh5 12. Be2 Nbd7 13. Nbd4 a6 14. Nf5 Bc5
15. c3 Re8 16. Re1 Qc7 17. N3d4 Bxe2 18. Rxe2 Rxe2 19. Qxe2 Re8 20. Qd1 Ne4
1/2-1/2

[Event "HEM B-Turnier 2017"]
[Site "Marburg"]
[Date "2017.??.??"]
[Round "4.3"]
[White "Schneider, Kevin"]
[Black "Hettler, Wolfgang"]
[Result "0-1"]
[WhiteElo "1653"]
[BlackElo "2060"]
[PlyCount "80"]
[EventDate "2017.??.??"]

1. e4 c6 2. Ne2 d5 3. e5 Bg4 4. d4 e6 5. Nd2 h6 6. c3 Nd7 7. b3 c5 8. f3 Bf5 9.
Ng3 Bh7 10. Bb2 cxd4 11. cxd4 Bb4 12. a3 Ba5 13. b4 Bb6 14. Nb3 Ne7 15. Bd3
Bxd3 16. Qxd3 O-O 17. Nc5 Rb8 18. O-O Bxc5 19. bxc5 b6 20. cxb6 Qxb6 21. Bc3
Nxe5 22. Qe3 Nc4 23. Qf2 a5 24. Rfd1 Qd6 25. a4 Nc6 26. Qe1 Rb3 27. Rdb1 Rfb8
28. Ne2 Qc7 29. Qd1 Rxb1 30. Rxb1 Qa7 31. Rxb8+ Qxb8 32. Be1 Qb6 33. Kh1 Qb2
34. Bc3 Qa2 35. Be1 Nb4 36. Nc3 Qa3 37. Nb5 Qb2 38. Bc3 Qf2 39. Qg1 Qc2 40. h4
Qxa4 0-1

[Event "HEM B-Turnier 2017"]
[Site "Marburg"]
[Date "2017.??.??"]
[Round "4.4"]
[White "Ullmann, Ralf"]
[Black "Weber, Andreas"]
[Result "1-0"]
[WhiteElo "1906"]
[BlackElo "1793"]
[PlyCount "45"]
[EventDate "2017.??.??"]

1. e4 e5 2. Nf3 Nc6 3. Bc4 Nf6 4. d3 Be7 5. c3 d6 6. a4 Na5 7. Ba2 c5 8. Nbd2
Nc6 9. O-O Be6 10. Nc4 Na5 11. Nxa5 Qxa5 12. Bxe6 fxe6 13. Qb3 O-O-O 14. Qxe6+
Rd7 15. b4 cxb4 16. cxb4 Qd8 17. Be3 Kb8 18. Nd2 d5 19. Qxe5+ Bd6 20. Qd4 b6
21. e5 Bc7 22. exf6 gxf6 23. Bf4 1-0

[Event "HEM B-Turnier 2017"]
[Site "Marburg"]
[Date "2017.??.??"]
[Round "4.5"]
[White "Varma, Christopher"]
[Black "Wagner, Thomas"]
[Result "1-0"]
[WhiteElo "1807"]
[BlackElo "1891"]
[PlyCount "107"]
[EventDate "2017.??.??"]

1. e4 e6 2. d4 b6 3. Nf3 Bb7 4. Bd3 Nf6 5. e5 Ne4 6. Qe2 f5 7. exf6 Nxf6 8. O-O
Bd6 9. Nbd2 O-O 10. Ne4 Nxe4 11. Bxe4 Bxe4 12. Qxe4 Nc6 13. Ng5 g6 14. Nxe6 Qe7
15. Ng5 Qf6 16. c3 Rae8 17. Qd3 Re1 18. Be3 Rxa1 19. Rxa1 Ne7 20. Ne4 Qf5 21.
Qc4+ Kh8 22. Nxd6 cxd6 23. Qe2 Ng8 24. d5 Qxd5 25. Bd4+ Nf6 26. Qe7 Qf7 27.
Qxd6 Kg8 28. Bxf6 Qxf6 29. Qxf6 Rxf6 30. Rd1 Re6 31. Kf1 d6 32. c4 Kf7 33. Rd3
Kf6 34. f3 Ke7 35. Kf2 Kd7 36. Re3 Rf6 37. Ke2 Rf5 38. Kd3 b5 39. Re4 Rh5 40.
h3 bxc4+ 41. Rxc4 Rb5 42. b3 Ra5 43. a4 Rg5 44. g4 Re5 45. b4 Re1 46. Rf4 Re7
47. b5 d5 48. Rf6 Kc7 49. Kd4 Rd7 50. f4 Kd8 51. Re6 Kc7 52. a5 Rf7 53. Kxd5
Rxf4 54. Re7+ 1-0

[Event "HEM B-Turnier 2017"]
[Site "Marburg"]
[Date "2017.??.??"]
[Round "4.6"]
[White "Weber, Simon"]
[Black "Zalewski, Ulrich"]
[Result "1/2-1/2"]
[WhiteElo "1853"]
[BlackElo "1815"]
[PlyCount "26"]
[EventDate "2017.??.??"]

1. c4 e6 2. g3 d5 3. Bg2 f5 4. Nf3 Nf6 5. O-O c6 6. d3 Bd6 7. e4 fxe4 8. dxe4
Nxe4 9. Nd4 Nf6 10. Re1 Kf7 11. Bg5 h6 12. cxd5 exd5 13. Bxf6 Qxf6 1/2-1/2

[Event "HEM B-Turnier 2017"]
[Site "Marburg"]
[Date "2017.??.??"]
[Round "4.7"]
[White "Schneider, Udo"]
[Black "Hafensteiner, Tim"]
[Result "1-0"]
[WhiteElo "1749"]
[BlackElo "1822"]
[PlyCount "67"]
[EventDate "2017.??.??"]

1. d4 Nf6 2. c4 e6 3. Nf3 Bb4+ 4. Bd2 Qe7 5. a3 Bxd2+ 6. Nbxd2 d6 7. g3 O-O 8.
Bg2 e5 9. dxe5 dxe5 10. O-O Nc6 11. e3 h6 12. Qc2 Be6 13. Nh4 Rad8 14. Rad1 Rd7
15. Ne4 Rfd8 16. Rxd7 Rxd7 17. b4 Ne8 18. Nc5 Nd6 19. Nxd7 Qxd7 20. Rd1 Qe7 21.
c5 Nc8 22. Qd3 Bg4 23. Rd2 g5 24. Bxc6 bxc6 25. Qd8+ Qxd8 26. Rxd8+ Kg7 27. Ng2
a6 28. f3 Be6 29. e4 Kf6 30. Ne3 Kg6 31. Nf5 Kh7 32. Kf2 Kg6 33. Rxc8 Bxc8 34.
Ne7+ 1-0

[Event "HEM B-Turnier 2017"]
[Site "Marburg"]
[Date "2017.??.??"]
[Round "4.8"]
[White "Martens, Nick"]
[Black "Weber, Guenter"]
[Result "0-1"]
[WhiteElo "1690"]
[BlackElo "1777"]
[PlyCount "104"]
[EventDate "2017.??.??"]

1. f4 d5 2. Nf3 c5 3. e3 Nc6 4. Bb5 Bd7 5. b3 Nf6 6. Bb2 e6 7. O-O Be7 8. a3
Qb6 9. Be2 O-O 10. Kh1 c4 11. b4 a5 12. c3 Qc7 13. b5 Nd8 14. a4 b6 15. Ne5 Bd6
16. Ba3 Ne8 17. Rf3 f6 18. Nxd7 Qxd7 19. Rh3 Bxa3 20. Nxa3 f5 21. Nc2 Nb7 22.
Nd4 Nc5 23. Qc2 Nf6 24. Rf1 Nfe4 25. Bf3 Rf6 26. Bxe4 fxe4 27. Nc6 Nd3 28. Kg1
Raf8 29. Rb1 Qd6 30. Ra1 Qc5 31. Rh5 Nxf4 32. Qd1 Nxh5 33. Qxh5 Qd6 34. Nd4 Qe7
35. Ne2 Rf5 36. Qg4 Rg5 37. Qh3 Qf6 38. Nf4 Rf5 39. g4 Rxf4 40. exf4 Qxf4 41.
Qg2 Qf3 42. h3 Rf4 43. Re1 Kf7 44. Re2 Kf6 45. Re1 Kg5 46. Qxf3 Rxf3 47. Re3
Kf4 48. Rxf3+ Kxf3 49. Kh2 g5 50. h4 Kxg4 51. hxg5 Kxg5 52. Kg3 h5 0-1

[Event "HEM B-Turnier 2017"]
[Site "Marburg"]
[Date "2017.??.??"]
[Round "4.9"]
[White "Pade, Joachim"]
[Black "Mauersberger, Uwe"]
[Result "1-0"]
[WhiteElo "1628"]
[BlackElo "1762"]
[PlyCount "65"]
[EventDate "2017.??.??"]

1. e4 d5 2. e5 c5 3. c3 Nc6 4. Bb5 Qb6 5. Bxc6+ Qxc6 6. d4 Bf5 7. Ne2 e6 8. O-O
O-O-O 9. Ng3 Bg6 10. Be3 f6 11. f4 Nh6 12. Nd2 Nf5 13. Nxf5 Bxf5 14. Nf3 Be4
15. Rc1 c4 16. b3 Ba3 17. Qe1 Bxc1 18. Bxc1 h6 19. bxc4 Qxc4 20. Ba3 Qxa2 21.
Bd6 fxe5 22. dxe5 g5 23. Qe3 b6 24. c4 gxf4 25. Qxf4 Rxd6 26. exd6 Qa3 27. cxd5
Bxd5 28. Rc1+ Kb7 29. d7 Qe7 30. Qc7+ Ka6 31. Ra1+ Kb5 32. Nd4+ Kb4 33. Rb1+
1-0

[Event "HEM B-Turnier 2017"]
[Site "Marburg"]
[Date "2017.??.??"]
[Round "4.10"]
[White "Bastian, Ben"]
[Black "Huebner, Kai"]
[Result "1-0"]
[WhiteElo "1674"]
[BlackElo "1658"]
[PlyCount "119"]
[EventDate "2017.??.??"]

1. d4 f5 2. c4 d6 3. Nc3 Nf6 4. Nf3 g6 5. e3 Bg7 6. Bd3 Nc6 7. a3 a5 8. Qa4 Bd7
9. Qb3 O-O 10. O-O Kh8 11. Bd2 Qc8 12. Na4 Ne4 13. Bc1 e5 14. d5 Ne7 15. Bxe4
fxe4 16. Nd2 Rb8 17. Nxe4 b5 18. Nac3 bxc4 19. Qxc4 Nf5 20. b4 Nh4 21. Ng5 Nf5
22. bxa5 Qd8 23. Nf3 e4 24. Nd4 Nxd4 25. exd4 Ra8 26. Nxe4 Rxa5 27. Rb1 Ra4 28.
Rb4 Rxb4 29. axb4 Qb8 30. Re1 Bb5 31. Qc3 Qb7 32. Ng5 Qxd5 33. Ne6 Rf7 34. Nxc7
Qxd4 35. Qc2 Qxb4 36. Bd2 Qc4 37. Re8+ Rf8 38. Rxf8+ Bxf8 39. Qb2+ Kg8 40. Nxb5
d5 41. Nd4 Qa4 42. g3 Qa7 43. Be3 Bg7 44. Qb3 Qa1+ 45. Kg2 Bxd4 46. Qxd5+ Kf8
47. Bxd4 Qa6 48. Bc5+ Kg7 49. Qd7+ Kg8 50. Bd4 Qa8+ 51. Kh3 Qf8 52. Qe6+ Qf7
53. Qxf7+ Kxf7 54. Kg4 h6 55. h4 Kg8 56. h5 g5 57. Kf5 Kh7 58. g4 Kg8 59. Kg6
Kf8 60. Kxh6 1-0

[Event "HEM B-Turnier 2017"]
[Site "Marburg"]
[Date "2017.??.??"]
[Round "4.11"]
[White "Klein, Simon"]
[Black "Meyer, Marcel"]
[Result "0-1"]
[WhiteElo "1371"]
[BlackElo "1679"]
[PlyCount "58"]
[EventDate "2017.??.??"]

1. e4 c6 2. Ne2 d5 3. e5 Bf5 4. d4 e6 5. Ng3 Bg6 6. h4 h6 7. h5 Bh7 8. Bd3 Bxd3
9. Qxd3 Nd7 10. Be3 Qb6 11. Nd2 c5 12. c4 cxd4 13. Bxd4 Bc5 14. Nb3 Bxd4 15.
Nxd4 Nxe5 16. Qe2 Qxd4 17. Rd1 Nf3+ 18. gxf3 Qxc4 19. Qe5 Qb4+ 20. Rd2 Nf6 21.
Qc7 O-O 22. a3 Qb6 23. Qf4 Rac8 24. Ne2 Rc4 25. Qg3 Qc7 26. Qg2 Qe5 27. Rg1
Nxh5 28. Rh1 Nf4 29. Qg3 Rc1+ 0-1

[Event "HEM B-Turnier 2017"]
[Site "Marburg"]
[Date "2017.??.??"]
[Round "4.12"]
[White "Raghavan, Badrinarayanan"]
[Black "Robinson, Jack"]
[Result "0-1"]
[WhiteElo "1320"]
[BlackElo "1638"]
[PlyCount "112"]
[EventDate "2017.??.??"]

1. d4 Nf6 2. Bf4 d5 3. e3 Bf5 4. Nf3 e6 5. Nbd2 h6 6. c4 c5 7. Bxb8 Rxb8 8.
cxd5 exd5 9. Qa4+ Bd7 10. Qxa7 Bd6 11. dxc5 Bc7 12. Qa3 O-O 13. Bd3 Ne4 14.
Nxe4 dxe4 15. Bxe4 Re8 16. Bd5 Bg4 17. Qb3 Ba5+ 18. Ke2 Qd7 19. Rhd1 Bxf3+ 20.
Bxf3 Qc7 21. h3 Qxc5 22. Rd7 Qf5 23. Rxb7 Rxb7 24. Bxb7 Rb8 25. Qd5 Qc2+ 26.
Kf3 Qxb2 27. Qxa5 Qxa1 28. Bd5 Qf6+ 29. Kg3 Qe5+ 30. Kg4 Qg5+ 31. Kf3 Rd8 32.
e4 Qf6+ 33. Ke3 Qd6 34. a4 Rb8 35. g3 Qa3+ 36. Kf4 Qc1+ 37. Kf3 Qh1+ 38. Kg4
Qd1+ 39. f3 h5+ 40. Kxh5 Qxf3+ 41. Kh4 Qf6+ 42. Kg4 Rb6 43. h4 Ra6 44. Qb5 Rb6
45. Qe8+ Kh7 46. Bxf7 g6 47. Qg8+ Kh6 48. Qf8+ Qg7 49. Qc5 Rf6 50. Be8 Rf8 51.
Bc6 Qf7 52. Qe3+ Kh7 53. Qc5 Qf3+ 54. Kh3 Qf1+ 55. Kg4 Qe2+ 56. Kg5 Qh5# 0-1

[Event "HEM B-Turnier 2017"]
[Site "Marburg"]
[Date "2017.??.??"]
[Round "4.13"]
[White "Hahnenstein, Leon"]
[Black "Poschadel, Andreas Gregor"]
[Result "1-0"]
[WhiteElo "1189"]
[BlackElo "1451"]
[PlyCount "147"]
[EventDate "2017.??.??"]

1. e4 e5 2. Nf3 Nc6 3. Bc4 Bc5 4. d3 h6 5. Be3 Bb6 6. c3 Nf6 7. Nbd2 d5 8. Bb3
Bg4 9. h3 Bh5 10. O-O O-O 11. Qc2 Re8 12. Rfe1 Qd7 13. Rad1 Rad8 14. Bxb6 axb6
15. Ba4 Qd6 16. Re3 d4 17. Ree1 dxc3 18. Nc4 Qe6 19. Bxc6 bxc6 20. Ncxe5 Bxf3
21. Nxf3 cxb2 22. Qxb2 c5 23. Nh4 Ra8 24. a3 Nh5 25. Nf5 Qg6 26. g3 Kh7 27. d4
cxd4 28. Rxd4 Rad8 29. Rxd8 Rxd8 30. Qc3 c5 31. Qb3 Rb8 32. Rd1 b5 33. Rd6 c4
34. Qf3 f6 35. g4 Qg5 36. Rd7 Qc1+ 37. Kh2 Qf4+ 38. Qxf4 Nxf4 39. Rxg7+ Kh8 40.
Rf7 Rc8 41. Rxf6 c3 42. Nd4 Nxh3 43. Rxh6+ Kg7 44. Rxh3 c2 45. Nxc2 Rxc2 46.
Kg2 Kg6 47. Rh5 Rb2 48. Rf5 b4 49. axb4 Rxb4 50. f3 Rb2+ 51. Kg3 Re2 52. e5 Kg7
53. Rg5+ Kh6 54. Kf4 Ra2 55. Kf5 Rf2 56. f4 Ra2 57. Kf6 Kh7 58. e6 Ra6 59. Rg7+
Kh8 60. Rd7 Kg8 61. Rd8+ Kh7 62. Kf7 Ra5 63. Rd1 Ra7+ 64. e7 Rxe7+ 65. Kxe7 Kg6
66. Rf1 Kg7 67. f5 Kh6 68. f6 Kg5 69. f7 Kxg4 70. f8=Q Kg3 71. Qf4+ Kh3 72.
Rf3+ Kg2 73. Qg4+ Kh1 74. Rh3# 1-0

[Event "HEM B-Turnier 2017"]
[Site "Marburg"]
[Date "2017.??.??"]
[Round "4.15"]
[White "Alonzo, Desi"]
[Black "Schoenau, Tom"]
[Result "1-0"]
[WhiteElo "1704"]
[BlackElo "867"]
[PlyCount "59"]
[EventDate "2017.??.??"]

1. d4 Nf6 2. Nf3 g6 3. g3 Bg7 4. c4 O-O 5. Nc3 e6 6. e4 d5 7. e5 Nfd7 8. Bg5
Qe8 9. Qd2 h6 10. Bxh6 Nc6 11. cxd5 exd5 12. Nxd5 Qe6 13. Bc4 Qh3 14. Bxg7 Kxg7
15. Ng5 Qg4 16. f4 Nb6 17. Be2 Qd7 18. Nxb6 axb6 19. d5 Ne7 20. Rd1 Rd8 21. e6
fxe6 22. Nxe6+ Kf7 23. Nxd8+ Qxd8 24. d6 cxd6 25. Qb4 d5 26. O-O Bf5 27. Bf3
Be6 28. Rfe1 Rxa2 29. Qb3 Ra5 30. g4 1-0

[Event "HEM B-Turnier 2017"]
[Site "Marburg"]
[Date "2017.??.??"]
[Round "5.1"]
[White "Hettler, Wolfgang"]
[Black "Armbrust, Matthias"]
[Result "1-0"]
[WhiteElo "2060"]
[BlackElo "1791"]
[PlyCount "155"]
[EventDate "2017.??.??"]

1. d4 g6 2. c4 Bg7 3. Nc3 d6 4. e4 Nc6 5. d5 Nd4 6. Be3 c5 7. Nge2 Nxe2 8. Bxe2
Nf6 9. O-O O-O 10. Qc1 Rb8 11. Bh6 Bd7 12. Bxg7 Kxg7 13. f4 Ne8 14. e5 Nc7 15.
Ne4 Bf5 16. Ng3 Bd7 17. Qc3 Kg8 18. exd6 exd6 19. Ne4 Ne8 20. Rf2 b5 21. cxb5
Bxb5 22. Bxb5 Rxb5 23. f5 Qh4 24. Re1 Rb4 25. g3 Qh6 26. Nf6+ Nxf6 27. Qxf6 Rb6
28. fxg6 hxg6 29. Qe7 Qg7 30. b3 Rfb8 31. Qxa7 R6b7 32. Qa6 Rb6 33. Qd3 Rb4 34.
Re7 Rd4 35. Qf3 Rf8 36. Rd7 c4 37. bxc4 Rxc4 38. Rxd6 Rc3 39. Qf4 Re8 40. Rd7
Rf8 41. d6 Rd3 42. Rc7 Rd4 43. Qf6 Rd1+ 44. Kg2 Qxf6 45. Rxf6 Rd2+ 46. Rf2 Rxd6
47. a4 Ra6 48. Rc4 Rfa8 49. Rff4 R8a7 50. Rfd4 Kg7 51. h4 Ra5 52. g4 Re7 53.
Rb4 Rea7 54. Kf3 Kf6 55. Ke3 R5a6 56. g5+ Ke6 57. Kd3 Rc7 58. Rdc4 Rd6+ 59. Kc3
Ra7 60. Rb5 Rda6 61. Kb3 Kd6 62. Rf4 Ke7 63. Re5+ Kd6 64. Ree4 Rb7+ 65. Rb4
Rba7 66. Rf6+ Ke7 67. Rxa6 Rxa6 68. Rf4 Rb6+ 69. Kc4 Rb1 70. a5 Ra1 71. Kb5
Rb1+ 72. Kc5 Ra1 73. Kb6 Rb1+ 74. Ka7 Ke6 75. a6 Ra1 76. Rf6+ Ke7 77. Kb7 Rb1+
78. Rb6 1-0